000
00313nam a22001457a 4500
008
211020b ||||| |||| 00| 0 eng d
020
_a
9780395907658
041
_a
eng
080
_a
159.9
082
_a
159.9
100
_a
48
101
_a
PSI
245
_a
Personality Theories
_c
Engler,B
942
_2
udc
_c
BK
999
_c
58297
_d
58297